[Event "SUI-chT"]
[Site "Switzerland"]
[Date "2018.04.15"]
[Round "2.8"]
[White "Umbach, Andreas"]
[Black "Flueckiger, Christian"]
[Result "1/2-1/2"]
[WhiteElo "2275"]
[BlackElo "2318"]
[PlyCount "98"]
[EventDate "2018.03.25"]
[EventType "team-tourn"]
[EventRounds "9"]
[EventCountry "SUI"]
[SourceTitle "EXT 2019"]
[Source "ChessBase"]
[SourceDate "2018.10.10"]
[SourceVersion "1"]
[SourceVersionDate "2018.10.10"]
[SourceQuality "1"]
[WhiteTeam "Wollishofen"]
[BlackTeam "Riehen"]
[WhiteTeamCountry "SUI"]
[BlackTeamCountry "SUI"]

1. e4 d6 2. d4 Nf6 3. Nc3 g6 4. f4 Bg7 5. Nf3 0-0 6. Bd3 Nc6 7. d5 Nb8 8. 0-0 c6 9. dxc6 Nxc6 10. Qe1 Bg4 11. Qh4 Bxf3 12. Rxf3 e6 13. Kh1 Nd7 14. Qh3 Nd4 15. Rf1 Nc5 16. Be3 Nxd3 17. cxd3 Nc2 18. Rac1 Nxe3 19. Qxe3 d5 20. exd5 Bxc3 21. Rxc3 Qxd5 22. a3 Rfd8 23. Rfc1 Rd7 24. Rc8+ Rxc8 25. Rxc8+ Kg7 26. Rc3 Qb5 27. b4 a5 28. h3 axb4 29. axb4 Rd5 30. Rc4 Qd7 31. Rc5 Rxd3 32. Qe5+ f6 33. Qb8 Qe7 34. Qc8 Rd4 35. Kh2 Rd7 36. b5 Qd6 37. Rc4 b6 38. Qc6 Kf7 39. Qxd6 Rxd6 40. Rc7+ Ke8 41. Rxh7 Rd5 42. Rg7 Rxb5 43. Rxg6 Rf5 44. Rg8+ Kd7 45. Kg3 b5 46. Kg4 Kc7 47. Re8 Kd7 48. Rb8 Kc7 49. Re8 Kd7 1/2-1/2

[Event "SUI-chT"]
[Site "Switzerland"]
[Date "2017.10.15"]
[Round "9.7"]
[White "Baenziger, Fabian"]
[Black "Flueckiger, Christian"]
[Result "1-0"]
[WhiteElo "2341"]
[BlackElo "2347"]
[PlyCount "66"]
[EventDate "2017.03.19"]
[EventType "team-swiss"]
[EventRounds "9"]
[EventCountry "SUI"]
[SourceTitle "EXT 2019"]
[Source "ChessBase"]
[SourceDate "2018.10.10"]
[SourceVersion "1"]
[SourceVersionDate "2018.10.10"]
[SourceQuality "1"]
[WhiteTeam "Luzern"]
[BlackTeam "Riehen"]
[WhiteTeamCountry "SUI"]
[BlackTeamCountry "SUI"]

1. Nf3 d5 2. g3 c5 3. Bg2 Nc6 4. 0-0 Nf6 5. d4 e6 6. c4 Be7 7. cxd5 exd5 8. Nc3 0-0 9. dxc5 Bxc5 10. a3 Be6 11. b4 Be7 12. Bb2 Ne4 13. Rc1 Bf6 14. Qd3 Nxc3 15. Bxc3 d4 16. Bb2 Qd7 17. Rfd1 Rad8 18. Nd2 Bf5 19. Ne4 Bxe4 20. Bxe4 h6 21. Bxc6 bxc6 22. e3 Qh3 23. e4 Qe6 24. f3 Rd6 25. Qc4 Qh3 26. Qf1 Qd7 27. Rd3 Bd8 28. a4 Re8 29. Qe2 f5 30. e5 Rd5 31. f4 a5 32. Ba3 axb4 33. Bxb4 Bb6 1-0

[Event "SUI-chT"]
[Site "Switzerland"]
[Date "2017.09.03"]
[Round "7.7"]
[White "Kaczmarczyk, Dennis"]
[Black "Flueckiger, Christian"]
[Result "1-0"]
[WhiteElo "2411"]
[BlackElo "2347"]
[PlyCount "71"]
[EventDate "2017.03.19"]
[EventType "team-swiss"]
[EventRounds "9"]
[EventCountry "SUI"]
[SourceTitle "EXT 2018"]
[Source "ChessBase"]
[SourceDate "2017.10.13"]
[SourceVersion "1"]
[SourceVersionDate "2017.10.13"]
[SourceQuality "1"]
[WhiteTeam "Winterthur"]
[BlackTeam "Riehen"]
[WhiteTeamCountry "SUI"]
[BlackTeamCountry "SUI"]

1. d4 d5 2. c4 e6 3. Nc3 c5 4. cxd5 exd5 5. Nf3 Nc6 6. g3 Nf6 7. Bg2 Be7 8. 0-0 0-0 9. dxc5 Bxc5 10. a3 a6 11. b4 Ba7 12. Bb2 Be6 13. Rc1 Qe7 14. Na4 Rac8 15. Nc5 Ne4 16. Nxe6 Qxe6 17. Qd3 Rfe8 18. Nd4 Qd7 19. Nxc6 Rxc6 20. Bxe4 Rxe4 21. Rxc6 Qxc6 22. Rd1 h6 23. e3 Rc4 24. Qxd5 Qxd5 25. Rxd5 Rc2 26. Rd8+ Kh7 27. Be5 f6 28. Bf4 Rc6 29. Ra8 Bb6 30. Rb8 Bc7 31. Rc8 Bxf4 32. Rxc6 bxc6 33. gxf4 Kg6 34. e4 Kh5 35. f3 g5 36. f5 1-0

[Event "SUI-chT"]
[Site "Switzerland"]
[Date "2017.03.19"]
[Round "1.7"]
[White "Flueckiger, Christian"]
[Black "Norgauer, Michael"]
[Result "1-0"]
[WhiteElo "2347"]
[BlackElo "1997"]
[PlyCount "27"]
[EventDate "2017.03.19"]
[EventType "team-swiss"]
[EventRounds "9"]
[EventCountry "SUI"]
[SourceTitle "EXT 2018"]
[Source "ChessBase"]
[SourceDate "2017.10.13"]
[SourceVersion "1"]
[SourceVersionDate "2017.10.13"]
[SourceQuality "1"]
[WhiteTeam "Riehen"]
[BlackTeam "Bodan"]
[WhiteTeamCountry "SUI"]
[BlackTeamCountry "SUI"]

1. e4 c5 2. Nf3 e6 3. d3 Nc6 4. g3 d6 5. Bg2 g6 6. 0-0 Bg7 7. c3 Qb6 8. Na3 Nge7 9. Rb1 0-0 10. b4 Bxc3 11. bxc5 Qd8 12. cxd6 Qxd6 13. Nb5 Qc5 14. Ba3 1-0

[Event "SUI-chT"]
[Site "Switzerland"]
[Date "2014.03.16"]
[Round "1.1"]
[White "Nueesch, Gerard"]
[Black "Flueckiger, Christian"]
[Result "1-0"]
[WhiteElo "2413"]
[BlackElo "2356"]
[PlyCount "99"]
[EventDate "2014.03.16"]
[EventType "team-tourn"]
[EventRounds "9"]
[EventCountry "SUI"]
[SourceTitle "EXT 2015"]
[Source "ChessBase"]
[SourceDate "2014.11.20"]
[SourceVersion "1"]
[SourceVersionDate "2014.11.20"]
[SourceQuality "1"]
[WhiteTeam "Bern Schwarz Weiss"]
[BlackTeam "Trubschachen"]
[WhiteTeamCountry "SUI"]
[BlackTeamCountry "SUI"]

1. d4 d5 2. c4 e6 3. Nc3 c5 4. cxd5 exd5 5. Nf3 Nc6 6. g3 Nf6 7. Bg2 Be7 8. 0-0 0-0 9. Bg5 c4 10. Ne5 Be6 11. Nxc6 bxc6 12. b3 Qa5 13. Bd2 Bb4 14. Qc2 Rac8 15. a3 cxb3 16. Qxb3 Bd6 17. Rfc1 Qd8 18. Na4 Re8 19. Qd3 Bg4 20. f3 Bd7 21. Bb4 Bc7 22. Nc5 Bb6 23. Nb7 Qc7 24. Nd6 h5 25. a4 a5 26. Nxe8 Rxe8 27. Bd2 h4 28. gxh4 Qe5 29. e3 Qh5 30. Be1 Qh6 31. Bf2 g5 32. Rab1 Bc7 33. Rb7 Bd6 34. Rxd7 Nxd7 35. Qf5 Nb6 36. Qxg5+ Qxg5 37. hxg5 Bb4 38. Rxc6 Nxa4 39. Bf1 Nc3 40. Ra6 a4 41. h4 a3 42. h5 Be7 43. f4 Bf8 44. Bd3 Ne4 45. Bxe4 Rxe4 46. Ra8 Re6 47. f5 Rc6 48. Kg2 Rc2 49. Kf3 a2 50. Bg3 1-0

[Event "Basel Hilton op 15th"]
[Site "Basel"]
[Date "2013.01.05"]
[Round "7"]
[White "Flueckiger, Christian"]
[Black "Grandadam, Patrick"]
[Result "1-0"]
[WhiteElo "2344"]
[BlackElo "2204"]
[PlyCount "99"]
[EventDate "2013.01.01"]
[EventType "swiss"]
[EventRounds "7"]
[EventCountry "SUI"]
[SourceTitle "CBM 152 Extra"]
[Source "ChessBase"]
[SourceDate "2013.02.25"]
[SourceVersion "1"]
[SourceVersionDate "2013.02.25"]
[SourceQuality "1"]

1. e4 c5 2. Nf3 e6 3. g3 Nc6 4. Bg2 d5 5. exd5 Qxd5 6. 0-0 Nf6 7. b3 Be7 8. Bb2 Qd7 9. d4 cxd4 10. Nxd4 Nxd4 11. Qxd4 0-0 12. Qxd7 Nxd7 13. Rd1 Rb8 14. Na3 Bf6 15. Bxf6 Nxf6 16. Nc4 b5 17. Ne5 Bb7 18. Nd7 Nxd7 19. Rxd7 Bxg2 20. Kxg2 Rfc8 21. Rad1 g6 22. Rxa7 Ra8 23. Rxa8 Rxa8 24. a4 bxa4 25. Ra1 Rc8 26. bxa4 Rxc2 27. a5 Rc7 28. a6 Ra7 29. h4 Kg7 30. Kf3 Kf6 31. Ra5 h5 32. Kf4 Ke7 33. Kg5 Kd7 34. Kf6 Kd6 35. f3 e5 36. Ra2 Kd5 37. g4 hxg4 38. fxg4 e4 39. h5 gxh5 40. gxh5 e3 41. h6 e2 42. Rd2+ Kc4 43. Rxe2 Rxa6+ 44. Kg7 Rg6+ 45. Kh7 Kd5 46. Re8 Kd6 47. Rg8 Rf6 48. Rg1 Re6 49. Kg7 f5 50. Rg6 1-0

[Event "SUI-chT"]
[Site "Switzerland"]
[Date "2012.06.03"]
[Round "4.5"]
[White "Flueckiger, Christian"]
[Black "Patuzzo, Fabrizio"]
[Result "1-0"]
[WhiteElo "2361"]
[BlackElo "2311"]
[PlyCount "63"]
[EventDate "2012.03.18"]
[EventType "team-tourn"]
[EventRounds "9"]
[EventCountry "SUI"]
[SourceTitle "EXT 2013"]
[Source "ChessBase"]
[SourceDate "2012.11.22"]
[SourceVersion "1"]
[SourceVersionDate "2012.11.22"]
[SourceQuality "1"]
[WhiteTeam "Riehen"]
[BlackTeam "Mendrisio"]
[WhiteTeamCountry "SUI"]
[BlackTeamCountry "SUI"]

1. e4 c6 2. c4 d5 3. cxd5 cxd5 4. exd5 Nf6 5. Nc3 Nxd5 6. Nf3 Nc6 7. d4 e6 8. Bd3 Bb4 9. Qc2 h6 10. 0-0 0-0 11. Rd1 Be7 12. a3 Bf6 13. Bc4 Nxc3 14. bxc3 Qc7 15. Ba2 Rd8 16. Bb1 g6 17. Bxh6 Rd5 18. Qe4 b5 19. Ba2 Rf5 20. g4 Bb7 21. d5 exd5 22. Rxd5 Ne5 23. Nxe5 Qxc3 24. Rc1 Rxe5 25. Rd8+ Kh7 26. Qxb7 Qxc1+ 27. Bxc1 Rxd8 28. Qxf7+ Bg7 29. Bb2 Rf8 30. Qxa7 Re1+ 31. Kg2 Rg1+ 32. Kxg1 1-0

[Event "SUI-chT"]
[Site "Switzerland"]
[Date "2011.03.20"]
[Round "2.3"]
[White "Flueckiger, Christian"]
[Black "Gaehler, Marco"]
[Result "0-1"]
[WhiteElo "2345"]
[BlackElo "2372"]
[PlyCount "58"]
[EventDate "2011.02.27"]
[EventType "team-tourn"]
[EventRounds "9"]
[EventCountry "SUI"]
[SourceTitle "CBM 141 Extra"]
[Source "ChessBase"]
[SourceDate "2011.05.03"]
[SourceVersion "1"]
[SourceVersionDate "2011.05.03"]
[SourceQuality "1"]
[WhiteTeam "Riehen"]
[BlackTeam "Wollishofen"]
[WhiteTeamCountry "SUI"]
[BlackTeamCountry "SUI"]

1. e4 e6 2. d3 d5 3. Nd2 Nf6 4. Ngf3 Be7 5. g3 b6 6. e5 Nfd7 7. Bg2 c5 8. 0-0 Nc6 9. Re1 g5 10. h3 h5 11. g4 hxg4 12. hxg4 Qc7 13. Qe2 f6 14. exf6 Nxf6 15. Nxg5 Nd4 16. Qd1 e5 17. c3 Bxg4 18. f3 Ne6 19. Qa4+ Kf8 20. Nf1 Nxg5 21. fxg4 Rg8 22. Bxg5 Rxg5 23. Ne3 Rd8 24. Rf1 e4 25. dxe4 dxe4 26. Qxe4 Rd2 27. Qa8+ Kf7 28. Nd5 Rxg2+ 29. Kxg2 Rxg4+ 0-1

[Event "SUI-chT"]
[Site "Switzerland"]
[Date "2010.11.06"]
[Round "8.2"]
[White "Zueger, Beat"]
[Black "Flueckiger, Christian"]
[Result "0-1"]
[WhiteElo "2425"]
[BlackElo "2324"]
[PlyCount "84"]
[EventDate "2010.02.14"]
[EventType "team-tourn"]
[EventRounds "9"]
[EventCountry "SUI"]
[SourceTitle "EXT 2011"]
[Source "ChessBase"]
[SourceDate "2010.11.26"]
[SourceVersion "1"]
[SourceVersionDate "2010.11.26"]
[SourceQuality "1"]
[WhiteTeam "Luzern"]
[BlackTeam "Bern"]
[WhiteTeamCountry "SUI"]
[BlackTeamCountry "SUI"]

1. c4 e6 2. g3 c5 3. Bg2 Nf6 4. Nf3 Be7 5. d4 d5 6. dxc5 Bxc5 7. 0-0 0-0 8. Bg5 Nc6 9. Nc3 d4 10. Ne4 Be7 11. Bxf6 gxf6 12. Ne1 f5 13. Nd2 e5 14. Nd3 Bf6 15. Qa4 Bg7 16. Bxc6 bxc6 17. Qxc6 Rb8 18. Nb3 Rb6 19. Qc5 Re8 20. Qa5 Bb7 21. c5 Qd5 22. f3 Rg6 23. Nb4 Qc4 24. c6 Bc8 25. Rac1 Qxe2 26. Rf2 Qe3 27. Nd5 Qg5 28. f4 exf4 29. Nxf4 Rd6 30. Qb4 Bf8 31. Qc4 Re4 32. Nd2 Re3 33. Nf3 Qd8 34. Rd1 d3 35. c7 Qd7 36. Qc5 Rde6 37. Qxf5 Re1+ 38. Rf1 Rxd1 39. Qg5+ Rg6 40. Nxg6 Rxf1+ 41. Kxf1 hxg6 42. Qd8 Qf5 0-1

[Event "SUI-chT"]
[Site "Switzerland"]
[Date "2010.08.29"]
[Round "7.1"]
[White "Flueckiger, Christian"]
[Black "Bindrich, Falko"]
[Result "0-1"]
[WhiteElo "2324"]
[BlackElo "2512"]
[PlyCount "98"]
[EventDate "2010.02.14"]
[EventType "team-tourn"]
[EventRounds "9"]
[EventCountry "SUI"]
[SourceTitle "EXT 2011"]
[Source "ChessBase"]
[SourceDate "2010.11.26"]
[SourceVersion "1"]
[SourceVersionDate "2010.11.26"]
[SourceQuality "1"]
[WhiteTeam "Bern"]
[BlackTeam "Tribschen"]
[WhiteTeamCountry "SUI"]
[BlackTeamCountry "SUI"]

1. e4 e5 2. Bc4 Nf6 3. d3 Nc6 4. Nc3 Na5 5. Qf3 d6 6. h3 Be7 7. Nge2 0-0 8. 0-0 Nxc4 9. dxc4 Be6 10. b3 Nd7 11. Ng3 Bg5 12. Nd5 Bxc1 13. Raxc1 g6 14. Qe3 a6 15. Qh6 Bxd5 16. cxd5 Qf6 17. c4 a5 18. Rc3 Qg7 19. Qd2 Kh8 20. Qc2 Qh6 21. a3 Qg5 22. b4 b6 23. Ne2 axb4 24. axb4 f5 25. exf5 Qxf5 26. Qb2 Kg8 27. Ng3 Qf4 28. Qc2 Nf6 29. Rf3 Qd4 30. Rd3 Ra2 31. Qxa2 Qxd3 32. Rc1 Kg7 33. b5 h5 34. Qc2 Qxc2 35. Rxc2 Ra8 36. f3 h4 37. Nf1 Ra3 38. Kf2 Nh5 39. Ne3 Kf6 40. Rd2 Nf4 41. Rc2 Kg5 42. Nf1 Nd3+ 43. Ke2 Kf4 44. Kd2 Nc5 45. Ke2 Nb3 46. Kf2 Nd4 47. Rb2 Nf5 48. Rc2 Ra1 49. Nd2 Ne3 0-1

[Event "SUI-chT"]
[Site "Switzerland"]
[Date "2010.08.28"]
[Round "6.2"]
[White "Flueckiger, Christian"]
[Black "Moor, Roger"]
[Result "1-0"]
[WhiteElo "2324"]
[BlackElo "2365"]
[PlyCount "139"]
[EventDate "2010.02.14"]
[EventType "team-tourn"]
[EventRounds "9"]
[EventCountry "SUI"]
[SourceTitle "EXT 2011"]
[Source "ChessBase"]
[SourceDate "2010.11.26"]
[SourceVersion "1"]
[SourceVersionDate "2010.11.26"]
[SourceQuality "1"]
[WhiteTeam "Bern"]
[BlackTeam "Wollishofen"]
[WhiteTeamCountry "SUI"]
[BlackTeamCountry "SUI"]

1. e4 c5 2. Nf3 Nc6 3. Bb5 e6 4. 0-0 Nge7 5. b3 Ng6 6. Bb2 f6 7. Re1 Qc7 8. c3 a6 9. Bf1 Nce5 10. Nxe5 fxe5 11. d4 Be7 12. dxe5 0-0 13. c4 Nxe5 14. Nd2 b6 15. g3 Bf6 16. Rb1 Nc6 17. Bxf6 Rxf6 18. f4 e5 19. f5 Rd6 20. Qh5 g6 21. fxg6 hxg6 22. Qh6 Qd8 23. Nf3 Qf8 24. Qxf8+ Kxf8 25. Rbd1 Rf6 26. Ng5 Ke7 27. Bh3 Nd4 28. Rf1 Bb7 29. Bg4 b5 30. Rxf6 Kxf6 31. h4 Ke7 32. Rf1 Rf8 33. Rxf8 Kxf8 34. Bxd7 Ke7 35. Bg4 bxc4 36. bxc4 a5 37. Nf3 Kf6 38. Nd2 a4 39. a3 Nc2 40. Bd1 Nxa3 41. Bxa4 Bc8 42. Kf2 g5 43. Ke3 gxh4 44. gxh4 Bg4 45. Kd3 Kg6 46. Kc3 Kh5 47. Kb3 Nxc4 48. Kxc4 Kxh4 49. Kxc5 Kg3 50. Kd5 Kf4 51. Nc4 Be6+ 52. Kxe6 Kxe4 53. Nxe5 Kd4 54. Bc6 Kc5 55. Bf3 Kd4 56. Ng4 Kd3 57. Kd5 Kc3 58. Nf2 Kd2 59. Kd4 Kc2 60. Bd5 Kd2 61. Ba2 Ke2 62. Nd3 Kd2 63. Bb3 Ke2 64. Ba4 Kd2 65. Nf4 Ke1 66. Ke3 Kf1 67. Bb3 Ke1 68. Ng2+ Kf1 69. Kf3 Kg1 70. Kg3 1-0

[Event "SUI-chT"]
[Site "Switzerland"]
[Date "2010.06.27"]
[Round "5.1"]
[White "Khenkin, Igor"]
[Black "Flueckiger, Christian"]
[Result "1/2-1/2"]
[WhiteElo "2590"]
[BlackElo "2324"]
[PlyCount "134"]
[EventDate "2010.02.14"]
[EventType "team-tourn"]
[EventRounds "9"]
[EventCountry "SUI"]
[SourceTitle "EXT 2011"]
[Source "ChessBase"]
[SourceDate "2010.11.26"]
[SourceVersion "1"]
[SourceVersionDate "2010.11.26"]
[SourceQuality "1"]
[WhiteTeam "Geneve"]
[BlackTeam "Bern"]
[WhiteTeamCountry "SUI"]
[BlackTeamCountry "SUI"]

1. d4 d6 2. Nf3 g6 3. e4 Nf6 4. Nc3 Bg7 5. h3 0-0 6. Be3 c6 7. a4 d5 8. e5 Ne4 9. Nxe4 dxe4 10. Ng5 c5 11. dxc5 Qc7 12. Nxe4 Qxe5 13. Nc3 f5 14. Qd5+ Be6 15. Qxe5 Bxe5 16. f4 Bxc3+ 17. bxc3 Nd7 18. a5 a6 19. c6 bxc6 20. Bd3 Bd5 21. 0-0 e5 22. c4 Be4 23. Bxe4 fxe4 24. Rad1 Rf7 25. Rd6 Raf8 26. g3 exf4 27. Rxf4 Ne5 28. Bc5 Re8 29. Kf2 Rxf4+ 30. gxf4 Nxc4 31. Rxc6 Nxa5 32. Rxa6 Nb7 33. Bd4 Rc8 34. c3 Nc5 35. Ra7 Ne6 36. Ke3 Nxd4 37. cxd4 Rc3+ 38. Kxe4 Rxh3 39. d5 Kf8 40. Ke5 Ke8 41. Kd6 h5 42. Rg7 Rf3 43. Ke5 Re3+ 44. Kf6 Re4 45. Rg8+ Kd7 46. Kg5 Rd4 47. Rxg6 Rxd5+ 48. f5 Ke7 49. Ra6 h4 50. Kg6 Rd2 51. f6+ Kd7 52. f7 Rg2+ 53. Kf6 Rf2+ 54. Kg7 Ke7 55. Ra7+ Ke6 56. Ra6+ Ke7 57. Ra7+ Ke6 58. Kf8 Kf5 59. Kg7 Kg4 60. Ra4+ Kg3 61. Ra3+ Kg4 62. Ra2 Rxf7+ 63. Kxf7 h3 64. Kf6 Kg3 65. Kg5 h2 66. Ra1 Kg2 67. Kg4 h1Q 1/2-1/2

[Event "SUI-chT"]
[Site "Switzerland"]
[Date "2007.09.29"]
[Round "8.4"]
[White "Flueckiger, Christian"]
[Black "Glek, Igor Vladimirovich"]
[Result "1/2-1/2"]
[WhiteElo "2321"]
[BlackElo "2551"]
[PlyCount "67"]
[EventDate "2007.02.25"]
[EventType "team-tourn"]
[EventRounds "9"]
[EventCountry "SUI"]
[SourceTitle "EXT 2008"]
[Source "ChessBase"]
[SourceDate "2007.11.25"]
[SourceVersion "1"]
[SourceVersionDate "2007.11.25"]
[SourceQuality "1"]
[WhiteTeam "Riehen"]
[BlackTeam "Mendrisio"]
[WhiteTeamCountry "SUI"]
[BlackTeamCountry "SUI"]

1. e4 e6 2. d3 c5 3. g3 Nc6 4. Bg2 g6 5. h4 Nf6 6. c3 d5 7. Qe2 e5 8. exd5 Nxd5 9. h5 Bg7 10. h6 Bf6 11. Nd2 Be6 12. Ngf3 Qd7 13. Ne4 Be7 14. Neg5 f6 15. Nxe6 Qxe6 16. 0-0 0-0 17. d4 cxd4 18. Nxd4 Nxd4 19. cxd4 Rfd8 20. dxe5 fxe5 21. Be3 Nxe3 22. Qxe3 Bf8 23. b3 Qe7 24. Rfd1 a5 25. Bd5+ Kh8 26. Rac1 Ra6 27. Bc4 Rad6 28. Rxd6 Rxd6 29. Re1 b6 30. Qxe5+ Qxe5 31. Rxe5 Bxh6 32. Re8+ Kg7 33. Re7+ Kh8 34. Re8+ 1/2-1/2

[Event "SUI-chT"]
[Site "Switzerland"]
[Date "2007.06.24"]
[Round "5.8"]
[White "Raeber, Markus"]
[Black "Flueckiger, Christian"]
[Result "0-1"]
[WhiteElo "2265"]
[BlackElo "2321"]
[PlyCount "72"]
[EventDate "2007.02.25"]
[EventType "team-tourn"]
[EventRounds "9"]
[EventCountry "SUI"]
[SourceTitle "EXT 2008"]
[Source "ChessBase"]
[SourceDate "2007.11.25"]
[SourceVersion "1"]
[SourceVersionDate "2007.11.25"]
[SourceQuality "1"]
[WhiteTeam "Luzern"]
[BlackTeam "Riehen"]
[WhiteTeamCountry "SUI"]
[BlackTeamCountry "SUI"]

1. d4 d6 2. c4 g6 3. Nc3 Bg7 4. e4 Nd7 5. Nf3 e5 6. Be2 Ne7 7. 0-0 0-0 8. Be3 h6 9. Qd2 Kh7 10. Rad1 f5 11. dxe5 dxe5 12. exf5 gxf5 13. Bc5 Rf7 14. Ne1 Ng6 15. Ba3 Nf4 16. Bf3 Qg5 17. Nd5 Nf8 18. Nxf4 exf4 19. Bd5 Rd7 20. Nf3 Qf6 21. Bxf8 Qxf8 22. Qxf4 c6 23. Rfe1 cxd5 24. cxd5 Re7 25. d6 Rxe1+ 26. Rxe1 Bd7 27. Re7 Rd8 28. Ne5 Be8 29. h3 Rxd6 30. Rxb7 Re6 31. Nf3 Bc6 32. Rxa7 Bxf3 33. gxf3 Rg6+ 34. Kh2 Qc5 35. Qe3 Qd6+ 36. f4 Qd1 0-1

[Event "SUI-chT"]
[Site "Switzerland"]
[Date "2006.09.02"]
[Round "6.4"]
[White "Kaenel, Hansjuerg"]
[Black "Flueckiger, Christian"]
[Result "1/2-1/2"]
[WhiteElo "2397"]
[BlackElo "2318"]
[PlyCount "86"]
[EventDate "2006.02.26"]
[EventType "team-tourn"]
[EventRounds "9"]
[EventCountry "SUI"]
[SourceTitle "EXT 2007"]
[Source "ChessBase"]
[SourceDate "2006.11.23"]
[SourceVersion "1"]
[SourceVersionDate "2006.11.23"]
[SourceQuality "1"]
[WhiteTeam "Reichenstein"]
[BlackTeam "Riehen"]
[WhiteTeamCountry "SUI"]
[BlackTeamCountry "SUI"]

1. Nf3 c5 2. e3 g6 3. d4 cxd4 4. exd4 Bg7 5. Bd3 d5 6. c3 Nc6 7. 0-0 Nf6 8. Bf4 Qb6 9. Qb3 Bf5 10. Qxb6 axb6 11. Bb5 0-0 12. Re1 Bxb1 13. Rexb1 Rfc8 14. Re1 e6 15. h3 Ne4 16. Ne5 Nxe5 17. dxe5 g5 18. Bh2 Bf8 19. f3 Bc5+ 20. Kf1 Nd2+ 21. Ke2 Nc4 22. Bxc4 dxc4 23. Red1 Rd8 24. Rxd8+ Rxd8 25. Rd1 Rxd1 26. Kxd1 b5 27. Ke2 Kf8 28. g4 Ke8 29. f4 gxf4 30. Bxf4 Kd7 31. Kf3 Kc6 32. Ke4 b4 33. cxb4 Bxb4 34. b3 c3 35. Kd4 c2 36. Kd3 Kd5 37. Kxc2 Ke4 38. Bd2 Bxd2 39. Kxd2 Kxe5 40. Ke3 h6 41. a4 Kd5 42. Kd3 e5 43. h4 f6 1/2-1/2

[Event "SUI-chT"]
[Site "Switzerland"]
[Date "2006.06.25"]
[Round "5.3"]
[White "Flueckiger, Christian"]
[Black "Moor, Olivier"]
[Result "1/2-1/2"]
[WhiteElo "2318"]
[BlackElo "2384"]
[PlyCount "127"]
[EventDate "2006.02.26"]
[EventType "team-tourn"]
[EventRounds "9"]
[EventCountry "SUI"]
[SourceTitle "EXT 2007"]
[Source "ChessBase"]
[SourceDate "2006.11.23"]
[SourceVersion "1"]
[SourceVersionDate "2006.11.23"]
[SourceQuality "1"]
[WhiteTeam "Riehen"]
[BlackTeam "Wollishofen"]
[WhiteTeamCountry "SUI"]
[BlackTeamCountry "SUI"]

1. e4 e6 2. d3 d5 3. Nd2 Nf6 4. Ngf3 Nc6 5. c3 e5 6. b4 Bd6 7. Be2 0-0 8. 0-0 Re8 9. h3 a5 10. b5 Ne7 11. Qc2 c6 12. bxc6 bxc6 13. Rb1 a4 14. Re1 Ng6 15. Bf1 h6 16. c4 dxe4 17. dxe4 Bc5 18. Bb2 Qe7 19. g3 Nh5 20. Kg2 Qa7 21. Re2 Nhf4+ 22. gxf4 Nxf4+ 23. Kh2 Nxe2 24. Bxe2 Qd7 25. Bf1 Qd6 26. Qd3 Qf6 27. Qe2 g5 28. Bg2 h5 29. Ne1 Qxf2 30. Qxf2 Bxf2 31. Nd3 Ba7 32. Nb4 Bd7 33. Bf3 g4 34. hxg4 hxg4 35. Bd1 Be3 36. Bc3 f6 37. Nf1 Bf4+ 38. Kg2 Kf7 39. c5 Reb8 40. Be2 Be6 41. Rd1 Rd8 42. a3 Rxd1 43. Bxd1 Bc1 44. Nd3 Bh6 45. Ng3 Kg6 46. Bc2 Bb3 47. Bb1 Bd1 48. Kf2 Rh8 49. Nb4 Bf8 50. Nxc6 Bxc5+ 51. Ke1 Bb3 52. Bb4 Bb6 53. Ne7+ Kf7 54. Nef5 Rh2 55. Bd3 Rg2 56. Ne2 Rh2 57. Neg3 Rf2 58. Be2 Rg2 59. Bxg4 Bf2+ 60. Kf1 Rxg3 61. Kxf2 Rd3 62. Bh5+ Ke6 63. Bg4 Kf7 64. Bh5+ 1/2-1/2

[Event "SUI-chT"]
[Site "Switzerland"]
[Date "2005.06.12"]
[Round "5.3"]
[White "Flueckiger, Christian"]
[Black "Costa, Gian Luca"]
[Result "0-1"]
[WhiteElo "2336"]
[BlackElo "2368"]
[PlyCount "78"]
[EventDate "2005.02.27"]
[EventType "team-tourn"]
[EventRounds "9"]
[EventCountry "SUI"]
[SourceTitle "EXT 2006"]
[Source "ChessBase"]
[SourceDate "2005.11.24"]
[SourceVersion "1"]
[SourceVersionDate "2005.11.24"]
[SourceQuality "1"]
[WhiteTeam "Riehen"]
[BlackTeam "Mendrisio"]
[WhiteTeamCountry "SUI"]
[BlackTeamCountry "SUI"]

1. e4 d5 2. exd5 Qxd5 3. Nc3 Qd6 4. g3 Nc6 5. d3 b6 6. Bg2 Bb7 7. Bf4 e5 8. Bd2 Nge7 9. Nf3 0-0-0 10. Ng5 Qg6 11. h4 f5 12. a4 h6 13. h5 Qf6 14. Nf3 Kb8 15. 0-0 g5 16. Re1 g4 17. Nh4 Bg7 18. f3 gxf3 19. Qxf3 e4 20. Qf4 exd3 21. Nb5 Rd7 22. a5 dxc2 23. axb6 axb6 24. Bc3 Qf7 25. Qa4 Bxc3 26. bxc3 Rhd8 27. Nd4 Na5 28. Bxb7 Kxb7 29. Qxc2 Qc4 30. Qg2+ Nac6 31. Nhxf5 Nd5 32. Nxc6 Qxc6 33. Nd4 Qxc3 34. Ra7+ Kb8 35. Rd1 Rg8 36. Nf5 Qc5+ 37. Kh2 Kxa7 38. Ra1+ Kb7 39. Qa2 Qa5 0-1

[Event "SUI-chT"]
[Site "Switzerland"]
[Date "2004.09.04"]
[Round "6.4"]
[White "Flueckiger, Christian"]
[Black "Domont, Alexandre"]
[Result "0-1"]
[WhiteElo "2333"]
[BlackElo "2408"]
[PlyCount "81"]
[EventDate "2004.02.29"]
[EventType "team-tourn"]
[EventRounds "9"]
[EventCountry "SUI"]
[SourceTitle "EXT 2005"]
[Source "ChessBase"]
[SourceDate "2004.11.15"]
[SourceVersion "1"]
[SourceVersionDate "2004.11.15"]
[SourceQuality "1"]
[WhiteTeam "Bern"]
[BlackTeam "Biel"]
[WhiteTeamCountry "SUI"]
[BlackTeamCountry "SUI"]

1. e4 c6 2. c4 d5 3. exd5 cxd5 4. cxd5 Nf6 5. Nc3 Nxd5 6. Nf3 e6 7. d4 Be7 8. Bd3 0-0 9. 0-0 Nc6 10. a3 Bf6 11. Qc2 h6 12. Rd1 Qc7 13. Qe2 Nxc3 14. bxc3 Ne7 15. c4 Bd7 16. Qe4 Ng6 17. Rb1 b6 18. Qg4 Bc6 19. Bxg6 Bxf3 20. Qxf3 fxg6 21. Qd3 Rac8 22. Qxg6 Qxc4 23. Bxh6 Bxd4 24. h3 Rxf2 25. Kh1 Rcf8 26. Rxd4 Qxd4 27. Qxe6+ Kh8 28. Be3 Re2 29. Qh6+ gxh6 30. Bxd4+ Kh7 31. Rc1 Rf7 32. Rc6 Rd7 33. Bc3 Rc2 34. h4 Rd3 35. Rc7+ Kg8 36. Rg7+ Kf8 37. Bf6 Rf2 38. Be5 Rf5 39. Bb2 Rb3 40. Bd4 Rf4 41. Rd7 0-1